000 00910nas a2200301 4500
001 BR9900797
003 BR-BrBNA
005 20231205101237.0
007 ta
008 230509b bl.|||p| |||| 00| 00por d
040 _aBR-BrBNA
_bpor
_cBiblioteca Nacional de Agricultura
041 _a(Pt)
072 _aL51
100 1 _aNogueira Filho, J.C.M.
100 1 _aOliveira, M.E.M. de
100 1 _aToledo, L.R.A. de
100 1 _aVelloso, L.
245 1 _aProtozoarios ciliados no rumen de zebuinos e bubalinos submetidos a dietas com volumosos e concentrados
650 _aGado Zebu
650 _aBufalo
650 _aDieta
650 _aProtozoario
650 _aConcentrado Proteico
650 _aRumen
773 0 _tPesquisa Agropecuaria Brasileira (Brazil)
_xISSN 0100-204X
_g(Jun 1998), v. 33(6) p. 993-999
_wBR9900797
909 _a202311
_bLúcia
_c55
_dLúcia Elande
942 _2AGRIS
_n0
_cANA
999 _c160641
_d160641